000 00506nam a2200181Ia 4500
008 100920s9999 xx 000 0 und d
082 _b196
_a891.463.1 थ 70
100 _a---
245 _aहंस कथा : 1.
260 _bहंस प्रकाशन, पुणे.
_c1970
300 _a234
_bसाधी
365 _b10
520 _aलघुकथा.
630 _aहंस कथा : 1.
650 _aलघुकथा.
730 _aहंस कथा : 1.
942 _cBOOK
999 _c671224
_d671221